[Event "Buenos Aires Sicilian"]
[Site "Buenos Aires"]
[Date "1994.10.12"]
[Round "1"]
[White "Ljubojevic, Ljubomir"]
[Black "Anand, Viswanathan"]
[Result "0-1"]
[WhiteElo "2580"]
[BlackElo "2720"]
[Annotator "Boensch,U"]
[PlyCount "78"]
[EventDate "1994.10.12"]
[EventType "tourn"]
[EventRounds "14"]
[EventCountry "ARG"]
[EventCategory "18"]
[SourceTitle "CBM 044"]
[Source "ChessBase"]
[SourceDate "1995.02.01"]
[SourceVersion "1"]
[SourceVersionDate "1995.02.01"]
[SourceQuality "1"]

1. e4 {Ftacnik Donev,I} c5 2. Nf3 d6 3. d4 cxd4 4. Nxd4 Nf6 5. Nc3 Nc6 6. Bc4
e6 7. Be3 a6 (7... Be7 8. Qe2 a6 9. a4 $5 Bd7 10. O-O O-O 11. Kh1 Rc8 12. Bd3
Nxd4 13. Bxd4 e5 14. Be3 Be6 15. f4 exf4 16. Bxf4 Qa5 17. Qe1 Qh5 $10 {Nijboer,
F-Dorfman,J EUCup f (2) 1993 0-1 39}) 8. Bb3 (8. Qe2 Qc7 9. a4 $5 $146 Be7 10.
O-O O-O 11. Kh1 Re8 12. Bb3 Bd7 13. f4 Na5 14. Ba2 Rac8 15. Rae1 Nc4 16. Bc1
Qb6 17. Bxc4 Qxd4 18. Bb3 $10 {Kuzmin,G-Lerner,K St.Petersburg 1992 1-0 29})
8... Qc7 (8... Be7 9. Qe2 O-O 10. O-O-O Nd7 11. f4 Nc5 12. Rhf1 Nxb3+ 13. axb3
Bd7 14. f5 Ne5 15. fxe6 fxe6 16. Nf3 Qa5 17. Nxe5 Qxe5 18. Rxf8+ Rxf8 19. g3
Bc6 20. Kb1 Qf6 {1/2-1/2 Emms,J-Kovalev,A/EU-Cup Gr1 Eupen (03) ;CBM 44 1994})
9. f4 Be7 (9... Na5 10. O-O b5 11. f5 Nxb3 12. axb3 b4 13. Na4 e5 14. Ne2 Rb8
15. Ng3 h5 $1 $15 {Onoprienko,V-Van Laatum,G Groningen op (10) 1993 0-1 37}) (
9... Na5 {Ftacnik}) 10. Qf3 (10. O-O Na5 11. f5 Nc4 12. Bxc4 Qxc4 13. Qf3 O-O
14. Rad1 b5 15. e5 dxe5 16. Qxa8 exd4 17. Bxd4 Bc5 18. Bxc5 Qxc5+ 19. Kh1 exf5
20. Qf3 $14 {Kaidanov,G-Smirin,I Groningen PCA (08) 1993 1-0 51}) 10... Nxd4 (
10... Na5 11. g4 (11. f5 {Donev,I} Nxb3 12. axb3 O-O 13. g4 Nd7 14. g5 Ne5 15.
Qg3 Rd8 16. O-O-O $14) 11... h6 12. O-O-O b5 13. g5 Nxb3+ 14. axb3 hxg5 15.
fxg5 Nd7 16. g6 Ne5 17. gxf7+ Kf8 18. Qg2 Bf6 19. Nce2 Qxf7 20. Nf4 $16 {
Istratescu,A-Nevednichy,V Bucharest Ciocaltea (04) 1994 1-0 37}) 11. Bxd4 b5 (
11... O-O 12. O-O-O b5 13. Bxf6 gxf6 14. Rd3 Kh8 15. Qh5 Rg8 16. Qxf7 Rg7 17.
Qe8+ Rg8 18. Qh5 b4 19. Ne2 a5 20. Nd4 $16 {Rublevsky,S-Ionov,S RUS-ch Elista 
(06) 1994 1-0 28 - CBM 44}) 12. a3 (12. e5 {Donev,I} Bb7 13. Qg3 dxe5 14. fxe5
Nh5 15. Qf2 O-O $10) 12... O-O 13. O-O (13. O-O-O $5 {Ftacnik}) 13... Bb7 14.
Rae1 Rac8 15. Qg3 Kh8 16. Kh1 Qc6 (16... Qd7 {Ftacnik}) 17. Rf3 a5 18. Qg5 $1
$40 b4 19. axb4 axb4 20. Nd1 (20. Rg3 $2 {Ftacnik} Rg8 21. e5 Ne4 $1 22. Qxe7
Nxg3+ $19) 20... h6 (20... Qd7 {Ftacnik} 21. Nf2) 21. Rh3 Kh7 (21... e5 {
Ftacnik} 22. fxe5) 22. Nf2 Rg8 23. Ng4 Nxg4 24. Qxe7 (24. Qxg4 $5 Qa6 $2 25.
Qh5 $140 $18) 24... e5 25. fxe5 (25. Qh4 {Ftacnik} f5 $1 26. Qg5 Qd7 27. exf5
exd4 28. Qxg4 $16) 25... dxe5 26. Bg1 Nf6 27. Qxe5 (27. Bxf7 Rgf8 (27... Nxe4
28. Bxg8+ Rxg8 29. Rf3 $18) 28. Rg3 (28. Bg6+ {Donev,I} Kxg6 29. Rg3+ Kh5 30.
Qxg7 $18) 28... Qc7 29. Bg6+ Kh8 30. Qxb4 $18) 27... Nxe4 28. Qf5+ Kh8 (28...
Qg6 {Ftacnik} 29. Qxf7 Qxf7 30. Bxf7 Rgf8 31. Bb3 Nf2+ 32. Bxf2 Rxf2 33. Rg3
Re8 $1 $10) 29. Bd4 Rcd8 30. c3 (30. Ba4 $1 {Ftacnik} Qd6 31. c3) 30... Nd2 $4
(30... Nxc3 {Donev,I} 31. Qf2 Rxd4 32. bxc3 bxc3 33. Rxh6+ Qxh6 34. Qxd4 Rc8
$17) 31. Qg5 $4 (31. Bd5 $3 Rxd5 (31... Qxd5 $4 32. Rxh6#) (31... Qa6 32. Bxb7
$18) 32. Qxd5 {Donev,I} (32. Re6 {Ftacnik} Rxd4 33. Rxc6 Bxc6 34. cxd4 $18)
32... Kh7 (32... Qxd5 $4 33. Rxh6#) 33. Qxc6 Bxc6 34. cxb4 $18) 31... Rxd4 $1
$19 32. cxd4 Nxb3 33. d5 Re8 $4 (33... Qa6 $1 $19) (33... Qd6 $4 34. Re6 $1 Ra8
35. Rexh6+ gxh6 36. Rxh6+ Qxh6 37. Qxh6+ Kg8 38. h4 $18) 34. Rxe8+ $4 (34. Qd8
$3 Rxd8 35. dxc6 Bxc6 36. Rxb3 $14 (36. Rxb3 {Donev,I} Rd2 37. Rg1 Rd4 $13 {
/\Bd5})) 34... Qxe8 $19 35. Qe3 Qa8 $1 (35... Qxe3 36. Rxe3 Bxd5 37. Re8+ Kh7
38. Rb8 $16) 36. Rxh6+ (36. Qxb3 {Ftacnik} Qa1+) 36... gxh6 37. Qxh6+ Kg8 38.
Qg5+ Kf8 39. Qh6+ Ke8 0-1

[Event "Buenos Aires Sicilian"]
[Site "Buenos Aires"]
[Date "1994.10.23"]
[Round "9"]
[White "Shirov, Alexei"]
[Black "Anand, Viswanathan"]
[Result "1-0"]
[WhiteElo "2740"]
[BlackElo "2720"]
[Annotator "Anand,V"]
[PlyCount "93"]
[EventDate "1994.10.12"]
[EventType "tourn"]
[EventRounds "14"]
[EventCountry "ARG"]
[EventCategory "18"]
[SourceTitle "CBM 044"]
[Source "ChessBase"]
[SourceDate "1995.02.01"]
[SourceVersion "1"]
[SourceVersionDate "1995.02.01"]
[SourceQuality "1"]

1. e4 {Boensch} c5 2. Nf3 d6 3. d4 cxd4 4. Nxd4 Nf6 5. Nc3 a6 6. Be3 (6. Be2 {
Boensch} e6 7. f4 Be7 8. O-O Qc7 9. g4 h6 10. g5 hxg5 11. fxg5 d5 12. Bf4 Bd6
13. Qd2 Bxf4 14. Qxf4 e5 15. Qg3 Nxe4 16. Nxe4 dxe4 17. Nf5 Bxf5 18. Rxf5 Qc5+
19. Kh1 Nc6 $17 {Yemelin,V-Rublevsky,S RUS-ch Elista (03) 1994 1/2 - CBM 44})
6... e6 7. Be2 Be7 8. f4 Qc7 9. O-O O-O 10. g4 {Good old Alexey! Actually it's
the only move you can expect from him in this position!} Re8 (10... Nc6 $6 {
Boensch} 11. g5 Nd7 12. f5 Nxd4 13. Qxd4 Re8 14. fxe6 $1 (14. f6 Bf8 15. fxg7
Bxg7 16. Qd2 Ne5 17. Rad1 Rd8 18. a4 b6 $132 {Bologan,V-Ginsburg,G Nikolaev zt
1993 1-0 37}) 14... fxe6 15. Bh5 Rf8 16. Rxf8+ Bxf8 17. Rf1 Ne5 18. Nd5 $1 Qd8
19. Nb6 $16 {Short,N-Ljubojevic,L Novi Sad olm (11) ENG-JUG 1990 1-0 43}) 11.
g5 (11. f5 Bf8 12. g5 Nfd7) 11... Nfd7 12. Bh5 {I first saw this move in a
game Polgar,J-Ree,H. The idea is simply to provoke g7-g6 and then to lodge the
rook on f6 as in the game.} (12. Bd3 {Boensch} Nc6 13. Qh5 g6 14. Qh4 Bf8 15.
Nde2 b5 16. Rf3 Bg7 17. Raf1 Bb7 18. Rh3 Nf8 19. f5 Ne5 20. f6 Bh8 21. Nf4 Rac8
22. Bd4 Red8 23. Bxe5 dxe5 24. Nxg6 fxg6 25. f7+ $18 {Shchekachev,A-Newerovski,
G Kstovo op (05) 1994 1-0 33 - EXP 42}) 12... g6 (12... Bf8 $4 13. Bxf7+ $1
Kxf7 14. Qh5+ Ke7 15. f5 $18) (12... Nc6 $2 {Boensch} 13. Bxf7+ $1 Kxf7 14.
Qh5+ $18) 13. Bg4 Bf8 (13... Nc6 $2 14. Nxe6 $1 fxe6 15. Bxe6+ {Was the
afore-mentioned game Polgar-Ree. White has a murderous attack} (15. Bxe6+ {
Boensch} Kh8 16. Nd5 Qb8 17. Bf7 Rf8 18. Bd4+ $18 {Polgar,J-Ree,H Amsterdam II
1989 1-0 24})) (13... Bd8 $5 $146 {Boensch} 14. Qd2 $6 (14. Qf3 Nc6 15. Rad1
$14) 14... Nc6 15. Rad1 Nxd4 16. Bxd4 b5 17. Qf2 Bb7 18. Rd3 Nf8 (18... b4 19.
Qh4 bxc3 $2 (19... Nf8 20. Bf6 $40) 20. Qxh7+ Kxh7 21. Rh3+ Kg8 22. Rh8# $4)
19. b4 (19. a3 $5) 19... Qc4 20. a3 Rc8 21. Qh4 h5 22. Bxh5 gxh5 23. Qxh5 Qxd4+
$3 $17 {Xie Jun-Bischoff,K Baden Baden-B (08) 1992 0-1 34}) 14. f5 (14. Qf3 {
Boensch} Nc6 15. Qh3 Nb6 16. f5 exf5 17. exf5 d5 18. Rad1 Bc5 $132 {Zigouris,
H-Rychagov,M Katerini op 1992 0-1 28}) (14. a4 {Boensch} Nc6 15. Qe2 Nxd4 16.
Bxd4 b6 17. Qf2 Bb7 18. Rae1 Re7 19. h4 Rae8 20. Bh3 e5 21. fxe5 Nxe5 $10 {
Polgar,J-Polugaevsky,L (3) Aruba m 1991 1/2 28}) 14... Ne5 15. fxe6 fxe6 (15...
Bxe6 $2 16. Bxe6 fxe6 17. Nxe6 $1 Rxe6 18. Qd5 Qc4 (18... Qd7 19. Rf6 $18) 19.
Qxb7 Qc6 20. Rxf8+ $1 Kxf8 21. Qxh7 {I don't see a good move for Black here})
16. Rf6 (16. Bxe6+ Rxe6 17. Nd5 Qd8 18. Nb6 Re8 $1 {Shirov} 19. Nxa8 Bg4 20.
Qe1 Nbd7 $17) (16. Nxe6 Rxe6 $1 $8 17. Nd5 Qd8 18. Nb6 Nxg4 19. Qxg4 Re8 20.
Qf3 Be6 21. Nxa8 Nd7 $17) (16. Bh3 {Boensch} Nbc6 (16... Bg7 $1 $15) 17. Rf6
Nxd4 18. Bxd4 Bg7 19. Bxe5 dxe5 20. Rf3 $10 {Jansa,V-Stohl,I Praha 1989 1/2 22}
) 16... Nxg4 17. Qxg4 Nc6 $6 {As both Shirov and I discovered after the game (
in our respective computers!) Adorjan played 17...Nd7! in a game. I won't
repeat the analysis here - it's game 56/260 Xie Jun-Adorjan. The move 17...Nc6
doesn't have any advantage.} (17... Nd7 $1) (17... Nd7 {Boensch} 18. Raf1 Ne5
19. Qh3 Bg7 20. Nxe6 Qd7 21. Nd5 Rxe6 22. Qxe6+ Qxe6 23. Rxe6 Bxe6 24. Nc7 Nc4
25. Bf4 Bh3 26. Nxa8 Bd4+ $15 {Xie Jun-Adorjan,A Express Budapest 1992 0-1 58})
18. Nxc6 $1 {The extra possibility for White after Nc6?!} bxc6 {Obviously the
only way. 18...Qc6 is hardly worth considering because of 19.Raf1 and h4-h5}
19. e5 {Also necessary.} (19. Raf1 e5 20. Qf3 Be6 $1 $13) 19... d5 (19... dxe5
$2 {Boensch} 20. Ne4 $40) 20. Raf1 (20. Qf4 {Boensch} Bg7 21. Rf1 c5 22. Rf7
$10 {Pavlovic,M-Tringov Podgorica 1992 1-0 35 - Inf.54/229}) 20... Bg7 $6 (
20... Qxe5 $1 21. Qf3 Bg7 22. Rxg6 Bd7 $1 $13 (22... Qc7 $1 $15 {Boensch})) (
20... c5 21. Qf3 Bb7 (21... Qd8 22. Rxg6+ hxg6 23. Qf7+ Kh8 24. Rf3 $18) 22.
Rf7 Qc6 (22... Be7 23. Rxh7 Rf8 24. Qh3 Rxf1+ 25. Kxf1 Qxe5 26. Rxe7 $18)) 21.
Bc5 $1 {Now Black has serious problems. White threatens Qf4 followed by h4-h5
so Black's next move is forced} Qxe5 (21... Bxf6 $2 {Boensch} 22. gxf6 Qf7 23.
Qg5 $16) 22. Rf7 Rb8 (22... a5 {I thought that this was an improvement because
it doesn't allow Bd6 as in the game but Piket and Lubojevic in a second
post-mortem discovered that a5 doesn't suffice either} 23. Ne2 $1 Qe4 (23...
Ba6 24. Bd4 Qxe2 25. Rxg7+ Kh8 26. Qxe2 Bxe2 27. Be5 $1 $18) 24. Qh3 $1 Qe5 $1
(24... Ba6 25. Rxg7+ Kxg7 26. Rf7+ Kxf7 27. Qxh7#) (24... h5 25. gxh6 $18) 25.
Qh4 {And now how does Black stop Bd4?}) (22... d4 $2 {Boensch} 23. Ne4 $18) 23.
Qf3 {Now I suddenly realsied that my position was much worse than I thought.} (
23. Ne2 {Here it doesn't work} Qe4 24. Qh3 Rb7 $1 $17) 23... Qxg5+ (23... Rxb2
24. Bf8 $1 Bh8 (24... Qxg5+ 25. Kh1 Be5 26. Rg7+ Kh8 27. Rg8+ Kxg8 28. Qf7+ Kh8
29. Bg7+ Bxg7 30. Qxe8+ Bf8 31. Qxf8#) (24... Rxc2 {Boensch} 25. Rxg7+ Kh8 26.
Rg8+ Kxg8 27. Qf7+ Kh8 28. Bg7+ Qxg7 29. Qxe8+ Qg8 30. Rf8 $18) 25. Rg7+ Qxg7 (
25... Bxg7 26. Qf7+ Kh8 27. Bxg7+ Qxg7 28. Qxe8+ Qg8 29. Rf8) 26. Bxg7 $18) (
23... Bb7 {This was afterwards suggested as a better try and it's certainly
more resilient but I think that White is already winning} 24. Ba7 Qxg5+ (24...
Ra8 $5 25. Rxb7 Rf8 26. Rf7 $16) (24... Ba8 25. Bxb8 Rxb8 26. Na4) 25. Kh1 Ba8
26. Bxb8 Rxb8 27. Na4 $1 c5 (27... Qe5 28. Nc5 $18) 28. Nb6 $1 (28. Nxc5 d4 29.
Rxg7+ Kxg7 (29... Kh8 30. Rb7) 30. Nxe6+ Kh6 $10) 28... Bc6 29. Rc7 $1 {
The tripling of major pieces on the f-file outweighs any other positional
trumps Black has to compensate for the loss of the exchange.}) 24. Kh1 Qd8 {
Just here I discovered to my annoyance that my intended 24...e5 didn't work
and I was forced to settle for Qd8} (24... e5 25. Rxg7+ Kxg7 26. Bf8+ $1 {
Only now did I see this move. I originally saw only Qf7+} (26. Qf7+ Kh6 $1 27.
Bf8+ (27. Qxe8 Bh3 $19) 27... Rxf8 28. Qxf8+ Kh5 $17) 26... Kh8 27. Qf7 {
With mate to follow. Maybe 24...e5 was worth a try anyway since the game
continuation while objectively better doesn't give any chance for White to go
wrong.}) (24... Bb7 {Boensch} 25. Bd6 c5 26. Bxb8 Rxb8 27. Na4 $1 $16) 25.
Rxg7+ Kxg7 26. Qf7+ Kh8 27. Bd6 $1 $18 {The point.} e5 (27... Qxd6 {Boensch}
28. Qxe8+ Kg7 29. Rf7+ Kh6 30. Qh8 e5 31. Qxh7+ Kg5 32. h4+ Kg4 33. Qh6 Bf5 (
33... e4 34. Qg5+ Kh3 35. Qg2+ Kxh4 36. Rh7#) 34. Kg2 Qd8 $8 35. Rf8 $18) 28.
Bxb8 Bf5 29. Bc7 Qe7 30. Qxe7 Rxe7 31. Bd8 Re6 32. Re1 Kg8 (32... Kg7 $5 {
Boensch}) 33. Bc7 d4 34. Ne4 c5 35. Kg2 {Now I am waiting for Bxe5 and I can
resign but Alexey is a cruel man!} (35. Bxe5 {Boensch} Rxe5 36. Nf6+ Kf7 37.
Rxe5 Kxf6 38. Rxc5 $18) 35... c4 36. Kf3 Re7 37. Bd6 Re6 38. Bc7 h6 39. c3 g5 {
Won't he ever play Bxe5 and allow me to resign?} 40. Ng3 (40. Bxe5 {Boensch}
Rxe5 41. Nf6+ Kf7 42. Rxe5 dxc3 43. bxc3 (43. Rxf5 $2 c2 $19) 43... Kxf6 44.
Rc5 $18) 40... e4+ 41. Kg2 (41. Nxe4 {Boensch} d3 42. Be5 Rxe5 43. Nf6+ Kf7 44.
Rxe5 Kxf6 45. Rc5 $18) 41... dxc3 42. bxc3 Bg6 43. Rd1 Re7 44. Rd6 Kf7 45. Bd8
Re8 46. Bb6 e3 47. Rd7+ {And finally I resigned} (47. Rd7+ {Boensch} Kg8 48.
Rd8 $18) 1-0

[Event "Buenos Aires Sicilian"]
[Site "Buenos Aires"]
[Date "1994.10.27"]
[Round "12"]
[White "Anand, Viswanathan"]
[Black "Karpov, Anatoly"]
[Result "1-0"]
[WhiteElo "2720"]
[BlackElo "2780"]
[Annotator "Anand,V"]
[PlyCount "69"]
[EventDate "1994.10.12"]
[EventType "tourn"]
[EventRounds "14"]
[EventCountry "ARG"]
[EventCategory "18"]
[SourceTitle "CBM 044"]
[Source "ChessBase"]
[SourceDate "1995.02.01"]
[SourceVersion "1"]
[SourceVersionDate "1995.02.01"]
[SourceQuality "1"]

1. e4 c5 2. Nf3 e6 3. d4 cxd4 4. Nxd4 Nc6 5. Nc3 Qc7 6. Be2 a6 7. O-O Nf6 8.
Be3 Bb4 {This was popular in Buenos Aires with it's main proponents being
Karpov and Salov though both eventually shifted to the Rauser. Karpov liked
the Sicilian Rauser so much that he played it regularly in a tournament in Cap
d'Agde.} 9. Na4 d5 {During the game my first reaction was "How come no one
thought of this before?" Karpov may or may not have prepared this at home but
he was nevertheless not very satisfied since he hesistated a lot before playing
} 10. Nxc6 bxc6 11. exd5 Nxd5 12. Bd4 c5 {This is simply necessary. After 10...
0-0 11.c4 White would have all the trumps.} 13. c3 {The safe way but Black
could have kept White's edge to a minimum} (13. Bxg7 {During the game I was a
bit worried but now I don't see a clear reason why this should not be played}
Rg8 14. Bh6 Bb7 15. Bf3 O-O-O $1 16. Qe2 Rg6 (16... Qc6 17. a3 Nc3 (17... Nf4
$4 18. Bxf4 Qxf3 19. Nb6#) (17... Rxg2+ 18. Bxg2 Nf4 19. Nb6+ $1 $18) 18. bxc3
(18. Qe5 Rxg2+ 19. Kh1 Rg1+ $1 20. Kxg1 Rg8+ (20... Ne2+ $1 $19) 21. Bg7 Rxg7+
22. Qxg7 Ne2+ $3 $19) 18... Qxf3 (18... Rxg2+ 19. Kxg2 Rg8+ 20. Kh3 $18) 19.
Qxf3 Bxf3 20. g3 Ba5 21. Be3 $16) 17. Be3 Qc6 18. a3 $1 Nc3 19. bxc3 Qxf3 20.
Qxf3 Bxf3 21. g3 Ba5 22. Rab1 $16) 13... cxd4 14. cxb4 e5 15. Bf3 Be6 16. Nc5
Qd6 (16... O-O $1 17. Nxe6 fxe6 $14) 17. Re1 Rb8 $6 (17... O-O 18. Qe2 f6 19.
Nxe6 Qxe6 20. Qc4 Rad8 21. Qxd4 $1 $14) 18. Bxd5 $1 Qxd5 19. Nxa6 (19. Qh5 $5 {
Ivanchuk.} O-O (19... e4 20. Nxe6 $1 Qxe6 21. Qc5 $1 d3 22. f3 (22. Qd4 O-O 23.
Rxe4 Rbd8 $1 $44) 22... Rb5 23. Rxe4 Rxc5 24. Rxe6+ $16) 20. Rxe5 Qd6 21. a3
Bg4 22. Rd5 {This I had missed in my calculations but the game continuation
also gives White a clear edge.}) 19... Rc8 20. Qa4+ Ke7 21. b5 Rc4 22. Qa5 Ra8
(22... Kf6 {In the post-mortem we came to the conclusion that this was the
best try and that White still had to work.}) 23. Qb6 $1 {This is extremely
annoying and now Black stands clearly worse.} Rd8 $2 (23... Rac8 24. b3 Rc3 25.
Nb4 Qd6 26. Nc6+ Kf8 $16) 24. b3 Rcc8 25. Nb4 Qd6 {The only way not lose the
exchange but he loses a vital pawn.} 26. Nc6+ Kf8 27. Rxe5 d3 28. Rd1 Ra8 29.
h3 $1 {Just to eliminate all danger} d2 30. Re2 $1 Rdb8 31. Rexd2 (31. Rxe6 $1
{Also possible but the game continuation is brutally efficient.} Qxe6 (31...
fxe6 32. Nxb8 Qxb8 33. Qc5+ $18) 32. Nxb8 Qe1+ 33. Kh2 Qe5+ 34. f4 (34. g3 Rxb8
) 34... Qxf4+ 35. g3 Qxb8 36. Qc5+ $18) 31... Rxb6 32. Rxd6 g5 33. Rd8+ Rxd8
34. Rxd8+ Kg7 35. Rb8 (35. Nd4 $18) 1-0

[Event "PCA/Intel-GP"]
[Site "Paris"]
[Date "1994.??.??"]
[Round "1.4"]
[White "Anand, Viswanathan"]
[Black "Vaisser, Anatoli"]
[Result "0-1"]
[WhiteElo "2720"]
[BlackElo "2575"]
[Annotator "Horvath,Ta"]
[PlyCount "60"]
[EventDate "1994.11.??"]
[EventType "k.o. (rapid)"]
[EventRounds "4"]
[EventCountry "FRA"]
[SourceTitle "CBM 043 Extra"]
[Source "ChessBase"]
[SourceDate "1995.01.01"]
[SourceVersion "1"]
[SourceVersionDate "1995.01.01"]
[SourceQuality "1"]

1. e4 c5 2. Nf3 e6 3. d4 cxd4 4. Nxd4 Nf6 5. Nc3 Nc6 6. g3 Qb6 7. Nxc6 $2 (7.
Nb3 Bb4 8. Bg2 d5 9. O-O $1 Bxc3 10. exd5 Nxd5 11. bxc3 O-O 12. c4 Nde7 13. Re1
$14 {Barczay-Horvath,T/Zalaegerszeg/1979} (13. Ba3 $6 Qa6 14. Bc5 Re8 15. Qd3
e5 16. Rfe1 Be6 $15 {Marinkovic-Stojanoviv/Nis/1993})) 7... bxc6 8. e5 Nd5 9.
Ne4 Qb4+ 10. Nd2 Qd4 11. Qe2 Rb8 $1 12. Nb3 $2 (12. Bg2 Nc3 13. Qe3 Qxe3+ 14.
fxe3 Na4 $15) 12... Rxb3 $1 $19 13. axb3 Bb4+ 14. Bd2 Bxd2+ 15. Qxd2 Qe4+ 16.
Qe2 Qxh1 17. h3 f5 18. Ra4 Nb6 19. Rxa7 O-O 20. c4 c5 21. Qe3 Bb7 22. Ke2 Qc6
23. Ra5 Rc8 24. Kd2 d6 25. exd6 Qxd6+ 26. Bd3 Be4 27. Kc3 Bxd3 28. Qxd3 Qe7 29.
Ra6 Qb7 30. Ra5 Nd5+ $1 0-1

[Event "EU-Cup 10th final"]
[Site "Lyon"]
[Date "1994.11.19"]
[Round "2"]
[White "Greenfeld, Alon"]
[Black "Anand, Viswanathan"]
[Result "0-1"]
[WhiteElo "2600"]
[BlackElo "2720"]
[Annotator "Stohl,I"]
[PlyCount "90"]
[EventDate "1994.11.18"]
[EventType "team-k.o."]
[EventRounds "3"]
[EventCountry "FRA"]
[SourceTitle "EXT 2020"]
[Source "ChessBase"]
[SourceDate "2019.10.17"]
[SourceVersion "1"]
[SourceVersionDate "2019.10.17"]
[SourceQuality "1"]
[WhiteTeam "Beer-Sheva Chess Club"]
[BlackTeam "Lyon-Oyonnax Echecs"]
[WhiteTeamCountry "ISR"]
[BlackTeamCountry "FRA"]

1. Nf3 g6 2. d4 Bg7 3. e4 d6 4. Be2 Nf6 5. Nc3 O-O 6. O-O Nc6 7. Be3 Bg4 8. Qd2
e5 9. d5 Ne7 10. Rad1 Bd7 (10... b5 $6 11. a3 a5 12. Bxb5 Bxf3 13. gxf3 Nh5 14.
Kh1 f5 15. Qe1 Nf4 16. Rg1 h6 17. Bxf4 exf4 18. exf5 g5 19. Bd3 Kh8 20. f6 Rxf6
21. Qe4 Nf5 22. Nb5 Rf7 23. c3 Be5 24. Qc4 Qf6 25. Bxf5 Qxf5 26. Nd4 Qh3 27.
Qf1 {+/- Liberzon,V-Quinteros,M/Netanya/1983/}) 11. Ne1 Ng4 (11... b5 $5 12. a3
a5 13. Nd3 Qb8 14. f3 c6 15. dxc6 Bxc6 16. b4 d5 (16... axb4 $2 17. Nxb4 $1
Rxa3 18. Nxc6 Nxc6 19. Nxb5 Ra2 20. Bc4 {+/- Vogt,L-Bernard,C/Wildbad/1990/})
17. Bc5 Re8 18. Nf2 axb4 19. axb4 d4 20. Nb1 Ra2 21. Nd3 Nd7 22. Nc1 Ra8 {
=+ Kuczynski,R-Chernin,A/Budapest zt-B/1993/}) 12. Bxg4 Bxg4 13. f3 Bd7 14. f4
Bg4 15. Rb1 (15. Nf3 f5 16. fxe5 dxe5 17. h3 Bxf3 18. Rxf3 Nc8 19. exf5 gxf5
20. Bh6 Nd6 21. Re1 Qh4 22. Bxg7 Kxg7 {~ 1/2:1/2/Geller,E-Thipsay,P/New Delhi/
1987/}) 15... exf4 $5 {N} (15... c6 16. h3 (16. fxe5 dxe5 17. Bc5 b6 18. Ba3 c5
19. b4 cxb4 20. Bxb4 Bd7 21. Nf3 h6 22. Rfe1 Kh7 23. Ba3 Rc8 $132 {Liberzon,
V-Adorjan,A/Amsterdam IBM/1977/}) 16... Bd7 17. fxe5 dxe5 18. Bc5 Re8 19. Qf2
cxd5 $6 20. Bxe7 Qxe7 21. Nxd5 Qe6 22. Nc7 Qxa2 23. Nxe8 Rxe8 24. Nd3 Qc4 25.
b3 Qd4 26. Kh1 {+= Gachon,L-Chabanon,J/FRA-chT/1989/}) 16. Rxf4 (16. Bxf4 $142
Bd7 17. Nd3 {+=}) 16... Bd7 17. Bd4 Bxd4+ 18. Qxd4 f5 $1 {=} 19. Rf2 (19. e5 g5
$1 20. Rf2 dxe5 21. Qxe5 Ng6 {=+}) (19. Nd3 g5 (19... fxe4 20. Nxe4 Nf5 21. Qc3
{+=}) 20. Rf2 f4 21. e5 Nf5 $132) 19... fxe4 20. Rxf8+ (20. Nxe4 Rxf2 21. Kxf2
Nf5 22. Qf6 Qe8 $36) 20... Qxf8 21. Nxe4 Qg7 $1 22. Rd1 (22. Nf6+ $2 Kf7 $1 {-+
}) (22. Qxg7+ Kxg7 23. Rd1 Bf5 {=+}) 22... Qxd4+ 23. Rxd4 Kg7 24. Nc3 (24. c4
$5 {/\c5<=>} Nf5 25. Rd1 Re8 26. Nc3 Ne3 27. Rd4 {/\Nf3=} Nxc4 $6 28. Rxc4
Rxe1+ 29. Kf2 {+/-}) 24... b5 $5 {/\a5()<<} 25. Re4 Ng8 $1 (25... Nf5 $2 26. g4
{+-}) 26. a4 $2 (26. Nd3 Nf6 27. Re2 a5 28. a3 Rb8 {=+}) 26... Nf6 27. Rd4 (27.
Re7+ Kf8 {-/+}) 27... bxa4 28. Nd3 (28. Rc4 $142 {=+}) 28... Rb8 $36 29. h3 h5
30. Rc4 Rb7 31. Kf2 a5 32. Ke2 g5 {/\h4,Bf5,Nh5,><g2} 33. h4 $6 (33. Ke3 Kg6
34. Kd4 h4 $36 {/\} 35. Nxa4 $2 Bb5) 33... Bg4+ 34. Ke3 gxh4 35. Rxa4 Bf5 {-/+}
36. Rxa5 (36. b3 Ng4+ {-/+}) 36... Ng4+ 37. Kd4 Bxd3 38. Kxd3 (38. cxd3 $4 Rb4#
) 38... Ne5+ $1 (38... Rxb2 39. Ra7 {~}) 39. Ke4 (39. Kd2 $2 Nc4+ {-+}) (39.
Ke2 $142 Rxb2 40. Kd1 Nc4 41. Ra7 Ne3+ 42. Kd2 Nxg2 43. Rxc7+ Kf6 {-/+}) 39...
Rxb2 {-+} 40. Kf5 (40. Ra2 Rb4+ 41. Kf5 Rg4 42. Ra7 Rxg2 43. Rxc7+ Kh6 {-+ o^h}
) 40... Rxc2 41. Ne4 Rxg2 42. Ra7 Nf7 $1 43. Rxc7 h3 44. Rc1 (44. Nxd6 h2 45.
Rxf7+ Kg8 {-+}) 44... h2 45. Rh1 $8 Nh6+ {/\Ng4,Rg1-+} 0-1

[Event "Amber-rapid 04th"]
[Site "Monte Carlo"]
[Date "1995.??.??"]
[Round "1"]
[White "Anand, Viswanathan"]
[Black "Shirov, Alexei"]
[Result "1/2-1/2"]
[WhiteElo "2715"]
[BlackElo "2710"]
[PlyCount "69"]
[EventDate "1995.03.??"]
[EventType "tourn (rapid)"]
[EventRounds "11"]
[EventCountry "MNC"]
[EventCategory "18"]
[SourceTitle "CBM 046 Extra"]
[Source "ChessBase"]
[SourceDate "1995.07.01"]
[SourceVersion "1"]
[SourceVersionDate "1995.07.01"]
[SourceQuality "1"]

1. e4 c5 2. Nf3 d6 3. d4 cxd4 4. Nxd4 Nf6 5. Nc3 Nc6 6. Bg5 e6 7. Qd2 a6 8.
O-O-O h6 9. Be3 Bd7 10. f3 b5 11. h4 Ne5 12. a3 h5 13. Bg5 Qb6 14. f4 Nc4 15.
Qe1 Rc8 16. Bxc4 Rxc4 17. Nb3 Ng4 18. f5 a5 19. fxe6 fxe6 20. Rf1 b4 21. axb4
axb4 22. Ne2 Rxe4 23. Rd4 Qb7 24. Qd2 Rxd4 25. Nexd4 e5 26. Qd3 e4 27. Qd2 g6
28. Qf4 Qd5 29. Nd2 Be7 30. Bxe7 Kxe7 31. Qxe4+ Qxe4 32. Nxe4 Ra8 33. Kd2 Ra5
34. Re1 Ne5 35. Ng5 1/2-1/2